Royal Commission on the Ancient and Historical Monuments of Scotland (Record no. 120697)

MARC details
000 -LEADER
fixed length control field 01050cai a22001815a 4500
001 - CONTROL NUMBER
control field E144786
008 - FIXED-LENGTH DATA ELEMENTS--GENERAL INFORMATION
fixed length control field 080811u xxk g 000 0 eng d
035 ## - SYSTEM CONTROL NUMBER
System control number (Sirsi) u144786
041 0# - LANGUAGE CODE
Language code of text/sound track or separate title eng
110 2# - MAIN ENTRY--CORPORATE NAME
Corporate name or jurisdiction name as entry element Royal Commission on the Ancient and Historical Monuments of Scotland
9 (RLIN) 5593
245 00 - TITLE STATEMENT
Title Royal Commission on the Ancient and Historical Monuments of Scotland
Medium [electronic resource]
520 ## - SUMMARY, ETC.
Summary, etc. The Royal Commission on the Ancient and Historical Monuments of Scotland (RCAHMS) records, interprets and collects information about the built environment, including buildings, sites, and ancient monuments. The information is then made available to the public. This website provides links to databases relating to the historic environment, including PASTMAP, AirPhoto Finder and Canmore.
590 ## - LOCAL NOTE (RLIN)
Local note KA
651 #4 - SUBJECT ADDED ENTRY--GEOGRAPHIC NAME
Geographic name Scotland
Chronological subdivision 1999-
690 ## - LOCAL SUBJECT ADDED ENTRY--TOPICAL TERM (OCLC, RLIN)
Topical term or geographic name as entry element BUILT ENVIRONMENT-BUILDING TYPES-ANCIENT MONUMENTS AND HISTORIC BUILDINGS
856 40 - ELECTRONIC LOCATION AND ACCESS
Uniform Resource Identifier <a href="https://www.rcahms.gov.uk/index.html">https://www.rcahms.gov.uk/index.html</a>
Public note View the website free of charge at www.rcahms.gov.uk...
942 ## - ADDED ENTRY ELEMENTS (KOHA)
Suppress in OPAC 0
Holdings
Withdrawn status Lost status Source of classification or shelving scheme Damaged status Not for loan Home library Current library Shelving location Date acquired Total Checkouts Full call number Barcode Date last seen Copy number Price effective from Koha item type
    Dewey Decimal Classification     Virtual Virtual Online 11/08/2008   WEBSITE 144786-2001 06/08/2019 1 06/08/2019 Online material